000 00478nam a22001937a 4500
003 LK-CoDNM
005 20250109092936.0
008 250102b |||||||| |||| 00| 0 eng d
040 _aLK-CoDNM
_dLK-CoDNM
_eLK-CoDNM
041 _aeng
080 _a4
_bT15
100 _aG.M. Henry
245 _aThe snakes of India & Pakistan
260 _c1954
_aBombay
_bThe popular book depot
300 _bx, 154p. : ill ; 24 cm
650 _aScience
650 _a1954
942 _cBK
999 _c235550
_d235550